[Event "34th World Open"]
[Site "Philadelphia USA"]
[Date "2006.07.03"]
[Round "7"]
[White "Hansen,Er"]
[Black "Vijayalakshmi,S"]
[Result "0-1"]
[WhiteElo "1835"]
[BlackElo "2472"]
[EventDate "2006.06.28"]

1. e4 e5 2. Nf3 Nc6 3. Bc4 Bc5 4. O-O d6 5. h3 Nf6 6. d3 h6 7. c3 a6 8.
Nbd2 Ba7 9. Bb3 O-O 10. Re1 Re8 11. Nf1 d5 12. Ng3 Be6 13. Be3 d4 14. cxd4
Nxd4 15. Nxd4 Bxd4 16. Qc2 Bxe3 17. Rxe3 g6 18. Rd1 Qd7 19. Ne2 Bxb3 20.
Qxb3 Qb5 21. Qc2 c5 22. f4 Rad8 23. fxe5 Rxe5 24. Rf1 Nh7 25. Nc3 Qb4 26.
Qf2 Rd7 27. Kh1 Qd4 28. Qg3 Kg7 29. Ref3 Re6 30. R1f2 Qe5 31. Qxe5+ Rxe5
32. Kg1 Ng5 33. Re3 Ne6 34. Kf1 h5 35. g3 Nd4 36. Ke1 Nc6 37. a3 Na5 38.
Kd1 Re6 39. Kc2 Nc6 40. Ne2 f5 41. Kc3 Nd4 42. Nf4 Re5 43. g4 hxg4 44. hxg4
fxe4 45. Rxe4 Nb5+ 46. Kb3 Rde7 47. Rxe5 Rxe5 48. g5 Nd4+ 49. Ka4 Rxg5 50.
Ka5 c4+ 51. Kb4 cxd3 52. Kc4 Rf5 53. Kxd3 Nc6 54. Ne6+ Kf6 55. Rxf5+ Kxf5
56. Nc5 Nd8 57. b4 g5 58. a4 Kf4 59. Ke2 Ke5 60. b5 a5 61. Kf3 Kd5 62. Nd7
Kd6 63. Nb6 Kc5 64. Nd7+ Kb4 65. Nb6 Ne6 66. Kg4 Nc5 67. Kxg5 Nxa4 68. Nd5+
Kxb5 69. Kf4 Kc4 70. Ne3+ Kd3 0-1

[Event "34th World Open"]
[Site "Philadelphia USA"]
[Date "2006.07.03"]
[Round "7"]
[White "Liu,E"]
[Black "Strenzwilk,D"]
[Result "0-1"]
[WhiteElo "2162"]
[BlackElo "2100"]
[EventDate "2006.06.28"]

1. e4 d5 2. exd5 Nf6 3. c4 c6 4. Nc3 cxd5 5. d4 e6 6. Nf3 Bb4 7. cxd5 exd5
8. Bg5 O-O 9. Ne5 Nc6 10. Be2 Re8 11. O-O Nxe5 12. dxe5 Bxc3 13. bxc3 Rxe5
14. f4 Re8 15. Bf3 Qb6+ 16. Qd4 Qxd4+ 17. cxd4 Ne4 18. Rac1 Bd7 19. Rc7 Bc6
20. Bg4 Nc3 21. Bd7 Ne2+ 22. Kf2 Bxd7 23. Rxd7 Nxd4 24. Rxd5 Ne6 25. Kf3 b5
26. Rd7 a5 27. Be7 Rac8 28. f5 Rc3+ 29. Kg4 Rc4+ 30. Kh3 Nf4+ 31. Kg3 Ne2+
32. Kh3 Re4 33. Bd8 a4 34. Ba5 b4 35. Rb7 Re3+ 36. g3 b3 37. axb3 axb3 38.
Rb1 R3e5 39. Bc7 Rxf5 40. R1xb3 h5 41. R7b5 Nd4 42. Rxf5 Nxf5 43. Rb8 Rxb8
44. Bxb8 Kh7 45. Kg2 g5 46. Kf3 Kg6 47. h3 Nd4+ 48. Ke4 Nc6 49. Bd6 f5+ 50.
Kd5 Nd8 51. Be7 Nf7 52. h4 gxh4 53. gxh4 Nh6 54. Ke5 Ng4+ 55. Kf4 Nf6 56.
Bd8 Nd5+ 57. Ke5 Nb4 58. Kf4 Nd3+ 59. Ke3 Nc5 60. Bc7 Ne6 61. Be5 Kf7 62.
Kd3 Nf8 63. Ke3 Ke6 64. Bc7 Ng6 65. Bg3 Kd5 66. Kf3 Kd4 67. Be1 f4 0-1

[Event "34th World Open"]
[Site "Philadelphia USA"]
[Date "2006.07.03"]
[Round "7"]
[White "Meenakshi,S1"]
[Black "Anderson,R"]
[Result "1-0"]
[WhiteElo "2282"]
[BlackElo "2261"]
[EventDate "2006.06.28"]

1. d4 Nf6 2. c4 c5 3. d5 b5 4. cxb5 a6 5. b6 d6 6. Nc3 g6 7. Nf3 Nbd7 8. a4
a5 9. e4 Bg7 10. Bb5 O-O 11. O-O Bb7 12. Bg5 Nxb6 13. Qe2 h6 14. Bh4 Qc8
15. Rad1 Nbd7 16. Rfe1 g5 17. Bg3 Nh5 18. Nd2 Nxg3 19. hxg3 Ne5 20. f4 gxf4
21. gxf4 Ng4 22. Nf3 c4 23. Nd4 h5 24. Qxc4 Qd8 25. Rd2 Bxd4+ 26. Qxd4 e5
27. Qd3 exf4 28. Rf1 Ne5 29. Qh3 Bc8 30. Qh2 Ng6 31. Rxf4 Nxf4 32. Qxf4 Bg4
33. Bc6 Rc8 34. Nb5 f5 35. Qxd6 Qxd6 36. Nxd6 fxe4 37. Nxc8 Rxc8 38. Kf2
Bf5 39. Ke3 Rd8 40. d6 Kf7 41. Bxe4 Be6 42. Bc6 Kf6 43. g3 Bg4 44. d7 Ke7
45. Rd5 Rb8 46. Rxa5 Rb3+ 47. Kf4 Bxd7 48. Ra7 Kd6 49. Bxd7 Rxb2 50. Be8
Rb4+ 51. Kf3 h4 52. g4 Rb3+ 53. Kf4 h3 54. Rh7 Rb4+ 55. Kf3 Rb8 56. Bb5
Rf8+ 57. Ke4 Rg8 58. Rh6+ Kc5 59. Kf4 1-0

[Event "34th World Open"]
[Site "Philadelphia USA"]
[Date "2006.07.03"]
[Round "7"]
[White "Hess,Ro"]
[Black "Karklins,A"]
[Result "1-0"]
[WhiteElo "2354"]
[BlackElo "2223"]
[EventDate "2006.06.28"]

1. e4 e5 2. Nf3 Nc6 3. Bb5 a6 4. Ba4 Nf6 5. d4 exd4 6. e5 Ne4 7. O-O Be7 8.
Re1 Nc5 9. Bxc6 dxc6 10. Nxd4 Ne6 11. Nf5 Qxd1 12. Rxd1 Bf8 13. Nc3 h5 14.
Ne4 h4 15. f4 Rh5 16. g4 Rxf5 17. gxf5 Nc5 18. Nf2 Bxf5 19. c4 b5 20. Be3
bxc4 21. Rd4 Be6 22. f5 Bxf5 23. Rxc4 Ne6 24. Rxh4 Rb8 25. Ra4 Rb5 26. Rxa6
Rxe5 27. Ra8+ Kd7 28. Bf4 Nxf4 29. Rxf8 Be6 30. b3 Rg5+ 31. Kf1 Rh5 32.
Rd1+ Nd5 33. Rg8 g6 34. Rd2 Ke7 35. h3 Rf5 36. Ke2 Nf4+ 37. Kd1 Rg5 38. Kc1
Rg1+ 39. Kb2 Rg2 40. Ne4 Rg1 41. h4 Re1 42. Nc5 Bf5 43. Rdd8 Rb1+ 44. Ka3
f6 45. Na6 Ne6 46. Rd2 c5 47. Rc8 Be4 48. Nxc5 Nxc5 49. Rxc7+ Ke6 50. Rxc5
Rh1 51. Ra5 Rxh4 52. Ra6+ Ke7 53. Rdd6 Rf4 54. Rdb6 Bf5 55. Rxf6 g5 56. Rh6
Rd4 57. Ra5 1-0

[Event "34th World Open"]
[Site "Philadelphia USA"]
[Date "2006.07.03"]
[Round "7"]
[White "Onyekwere,C"]
[Black "Enhbat,T"]
[Result "1/2-1/2"]
[WhiteElo "2075"]
[BlackElo "2383"]
[EventDate "2006.06.28"]

1. e4 c6 2. d4 d5 3. Nd2 dxe4 4. Nxe4 Bf5 5. Ng3 Bg6 6. h4 h6 7. Nf3 Nd7 8.
h5 Bh7 9. Bd3 Bxd3 10. Qxd3 e6 11. Bf4 Qa5+ 12. Bd2 Bb4 13. c3 Be7 14. c4
Qc7 15. O-O-O Ngf6 16. Kb1 O-O 17. Ne4 Rad8 18. Nc3 b5 19. cxb5 cxb5 20.
Nxb5 Qb7 21. Bf4 Nd5 22. Bd6 Rb8 23. Bxe7 Nxe7 24. a4 a6 25. Qa3 axb5 26.
Qxe7 Qe4+ 27. Ka2 Qd5+ 28. Kb1 Ra8 29. Rd3 Rfe8 30. Qa3 Rxa4 31. Qb3 Rc4
32. Rhd1 Rec8 33. Nd2 Rxd4 34. Qxd5 Rxd5 35. Rxd5 exd5 36. f3 Nf6 37. g4 g6
38. hxg6 fxg6 39. Nb3 Rc4 40. Nd4 b4 41. Ka2 Nd7 42. f4 Nc5 43. b3 Rc3 44.
Nc6 Rd3 45. Rh1 Rd2+ 46. Kb1 Kg7 47. g5 hxg5 48. fxg5 Ne4 49. Nxb4 Nxg5 50.
Kc1 Rd4 51. Nc6 Re4 52. Rd1 Re6 53. Nd4 Rb6 54. Kb2 Ne4 55. Ne2 Nf6 56. Nf4
1/2-1/2

[Event "34th World Open"]
[Site "Philadelphia USA"]
[Date "2006.07.03"]
[Round "7"]
[White "Harris,Da"]
[Black "Habu,Y"]
[Result "0-1"]
[WhiteElo "2173"]
[BlackElo "2382"]
[EventDate "2006.06.28"]

1. e4 c5 2. Nf3 d6 3. d4 cxd4 4. Nxd4 Nf6 5. Nc3 a6 6. Be3 e5 7. Nf3 Qc7 8.
a4 b6 9. Nd2 Be6 10. Bd3 Be7 11. Bg5 Nbd7 12. Qe2 Qb7 13. Nc4 h6 14. Bxf6
Nxf6 15. O-O O-O 16. Ne3 Rfe8 17. Ncd5 Bxd5 18. Nxd5 Nxd5 19. exd5 g6 20.
Qg4 Kg7 21. Rfd1 Bg5 22. h4 f5 23. Qh3 Bf6 24. h5 e4 25. Be2 Bxb2 26. Rab1
Be5 27. hxg6 Rf8 28. Rb3 Qc7 29. Qh5 Rf6 30. Rdb1 Bd4 31. a5 Qxc2 32. axb6
Rxg6 33. b7 Rb8 34. Kf1 Rg5 35. Qh3 a5 36. Rd1 a4 37. Rg3 Rxb7 38. Rxg5+
hxg5 39. Qxf5 Rb1 40. Qxg5+ Kf8 41. Qf5+ Kg7 42. Qd7+ Kg6 43. Qe8+ Kg7 44.
Qe7+ Kg8 45. Qe6+ Kg7 46. Qg4+ Kf6 47. Qh4+ Kg7 48. Qg3+ Kf7 49. Qf4+ Ke7
50. Qh4+ Bf6 51. Qh7+ Kd8 52. Qh5 a3 53. g3 a2 54. Kg2 a1=Q 0-1

[Event "34th World Open"]
[Site "Philadelphia USA"]
[Date "2006.07.03"]
[Round "7"]
[White "Weatherly,D"]
[Black "Kiewra,K"]
[Result "0-1"]
[WhiteElo "2088"]
[BlackElo "2257"]
[EventDate "2006.06.28"]

1. e4 c5 2. Nf3 d6 3. d4 Nf6 4. Nc3 cxd4 5. Nxd4 g6 6. Be3 Bg7 7. f3 Nc6 8.
Qd2 O-O 9. O-O-O d5 10. Qe1 e6 11. Kb1 Qc7 12. h4 dxe4 13. Nxe4 Nxe4 14.
fxe4 Qe5 15. c3 Qxe4+ 16. Bd3 Qg4 17. h5 Ne5 18. Bc2 Nc4 19. hxg6 hxg6 20.
Bh6 e5 21. Bxg7 Kxg7 22. Bd3 exd4 23. Bxc4 Bf5+ 24. Ka1 Rae8 25. Qd2 dxc3
26. Qxc3+ f6 27. Bd5 Qf4 28. Bxb7 Rf7 29. Bf3 Rc7 30. Qd2 Qxd2 31. Rxd2
Rec8 32. b3 g5 33. Kb2 g4 34. Bd1 Kg6 35. g3 Rc3 36. Rf1 Rxg3 37. Rdf2 Rc5
38. b4 Rb5 39. a3 Kg5 40. Ba4 Re5 41. Bc6 Rge3 42. b5 Re2+ 43. Rxe2 Rxe2+
44. Kc3 Be4 45. Kd4 f5 46. a4 g3 47. a5 Kg4 48. Bxe4 Rxe4+ 49. Kc5 g2 50.
Rb1 f4 51. b6 axb6+ 52. axb6 f3 53. b7 Re8 54. Rb6 g1=Q+ 0-1

[Event "34th World Open"]
[Site "Philadelphia USA"]
[Date "2006.07.03"]
[Round "7"]
[White "Taylor,T"]
[Black "Pomerleano,D"]
[Result "1-0"]
[WhiteElo "2330"]
[BlackElo "2280"]
[EventDate "2006.06.28"]

1. d4 Nf6 2. c4 g6 3. Nc3 d5 4. Nf3 Bg7 5. e3 O-O 6. cxd5 Nxd5 7. Bc4 Nb6
8. Bb3 c5 9. O-O cxd4 10. exd4 Nc6 11. d5 Na5 12. Bg5 Nxb3 13. axb3 h6 14.
Be3 Bg4 15. h3 Bxf3 16. Qxf3 Bxc3 17. bxc3 Qxd5 18. Qxd5 Nxd5 19. Bxh6 Rfd8
20. c4 Nb4 21. Rfd1 Nc6 22. Be3 e5 23. Rd5 Rxd5 24. cxd5 Nb4 25. Ra5 Rd8
26. Rxa7 Rd7 27. d6 Nc6 28. Ra8+ Kg7 29. Bc5 Nd4 30. b4 Nb5 31. Ra5 Nxd6
32. Bxd6 Rxd6 33. Rxe5 Rd1+ 34. Kh2 Kf6 35. Rb5 Rd7 36. h4 Kg7 37. g4 Kf6
38. Kg3 Kg7 39. Rb6 Kh7 40. g5 Kg7 41. f4 Re7 42. Kg4 Rd7 43. h5 gxh5+ 44.
Kxh5 Kh7 45. f5 Kg7 46. Kg4 Rd4+ 47. Kf3 Rd7 48. Ke4 Kf8 49. Ke5 Kg7 50.
Rd6 Re7+ 51. Kd5 Re1 52. Kc5 Rg1 53. Kb6 1-0

[Event "34th World Open"]
[Site "Philadelphia USA"]
[Date "2006.07.03"]
[Round "7"]
[White "Bartholomew,J"]
[Black "Cooke,E"]
[Result "1-0"]
[WhiteElo "2406"]
[BlackElo "2210"]
[EventDate "2006.06.28"]

1. e4 e6 2. d3 d5 3. Nd2 Nf6 4. Ngf3 c5 5. g3 Nc6 6. Bg2 Be7 7. O-O b6 8.
Re1 Bb7 9. e5 Nd7 10. Nf1 g5 11. h3 h5 12. c3 g4 13. hxg4 hxg4 14. N3h2
Ncxe5 15. d4 Nf3+ 16. Nxf3 gxf3 17. Bxf3 Nf6 18. Bf4 Qd7 19. Qe2 Ne4 20.
Nd2 Nxd2 21. Bxd2 O-O-O 22. Bf4 Bd6 23. Bxd6 Qxd6 24. Kg2 Kc7 25. Rh1 f6
26. Rae1 Rxh1 27. Rxh1 e5 28. Qd2 Rd7 29. Rh6 Qf8 30. Rh5 Qd6 31. Rh6 Bc6
32. b4 exd4 33. bxc5 bxc5 34. cxd4 c4 35. Bg4 Re7 36. Rh8 Bd7 37. Bf3 Be6
38. Qb2 Qb6 39. Qa3 Rf7 40. Re8 Bd7 41. Re2 Bc6 42. Qc3 a5 43. Rb2 Qa7 44.
Qe3 Kc8 45. Bh5 Re7 46. Bg4+ Kd8 47. Qf4 Ke8 48. Qxf6 Qc7 49. Rb8+ 1-0

[Event "34th World Open"]
[Site "Philadelphia USA"]
[Date "2006.07.03"]
[Round "7"]
[White "Panchanathan,M"]
[Black "Vescovi,G"]
[Result "0-1"]
[WhiteElo "2525"]
[BlackElo "2622"]
[EventDate "2006.06.28"]

1. Nf3 Nf6 2. g3 d5 3. Bg2 c5 4. O-O Nc6 5. d4 e6 6. a3 cxd4 7. Nxd4 Qb6 8.
Nb3 Be7 9. a4 O-O 10. a5 Qd8 11. c3 h6 12. h3 Bd6 13. N1d2 Ne5 14. Qc2 Bd7
15. e4 Bb5 16. Re1 Nd3 17. Re3 Nxc1 18. Qxc1 Qc7 19. exd5 Nxd5 20. Re1 Rac8
21. Nd4 Bd7 22. Qb1 Nf6 23. Qd3 Rfd8 24. Qe2 Bc5 25. N2b3 Bf8 26. a6 bxa6
27. Rxa6 e5 28. Nc6 Bxc6 29. Rxc6 Qb8 30. Na5 e4 31. b4 Re8 32. Qc4 Rcd8
33. Bxe4 Rd2 34. Re3 Qd8 35. Nb7 Qd7 36. Rxf6 gxf6 37. Kg2 Re5 38. Rf3 f5
39. Bc6 Qe6 40. Qxe6 fxe6 41. Na5 Re1 42. Ba4 Kg7 43. Nc6 Kf6 44. Bb3 e5
0-1

[Event "34th World Open"]
[Site "Philadelphia USA"]
[Date "2006.07.03"]
[Round "7"]
[White "Najer,E"]
[Black "Sharavdorj,D"]
[Result "1/2-1/2"]
[WhiteElo "2653"]
[BlackElo "2449"]
[EventDate "2006.06.28"]

1. e4 e6 2. d4 d5 3. Nc3 Nf6 4. Bg5 dxe4 5. Nxe4 Be7 6. Bxf6 Bxf6 7. Nf3
Nd7 8. Qd2 O-O 9. O-O-O Be7 10. Bd3 b6 11. h4 Bb7 12. Qf4 Nf6 13. Nxf6+
Bxf6 14. Ng5 h6 15. Nh7 Re8 16. Nxf6+ Qxf6 17. Qxf6 gxf6 18. Rhe1 f5 19.
Bb5 Red8 20. Re3 Rd6 21. Rc3 Rc8 22. g3 Kf8 23. b4 a6 24. Be2 Ke7 25. Ra3
Rcd8 26. c3 Ra8 27. Rd3 Rdd8 28. Re3 Ra7 29. Re5 Be4 30. Bc4 Rd6 31. d5 c6
32. dxc6 f6 33. Rxe4 fxe4 34. b5 a5 35. Be2 Rd5 36. c4 Rc5 37. Kd2 Ra8 38.
Ke3 f5 39. Rc3 Rd8 40. Rc1 Kf6 41. Rc2 Ke5 42. Rc1 1/2-1/2

[Event "34th World Open"]
[Site "Philadelphia USA"]
[Date "2006.07.03"]
[Round "7"]
[White "Arnold,M"]
[Black "Muhammad,S"]
[Result "1/2-1/2"]
[WhiteElo "2105"]
[BlackElo "2384"]
[EventDate "2006.06.28"]

1. d4 f5 2. c4 Nf6 3. Nf3 e6 4. g3 d5 5. Bg2 c6 6. O-O Bd6 7. Nc3 Nbd7 8.
cxd5 exd5 9. Bf4 Qe7 10. Qc1 Ne4 11. Bxd6 Nxd6 12. Qg5 Nf6 13. Ne5 O-O 14.
Qd2 Nfe4 15. Qc2 Nf7 16. Nxf7 Rxf7 17. Qd3 Be6 18. e3 g5 19. f3 Nd6 20. b3
Rd8 21. e4 dxe4 22. fxe4 fxe4 23. Bxe4 Nxe4 24. Qxe4 Bh3 25. Rxf7 Qxf7 26.
Qe3 h6 27. Ne4 Rf8 28. Nf2 Re8 29. Qc3 Be6 30. Re1 Bd5 31. Ng4 Kg7 32. Rxe8
Qxe8 33. Qe3 Qe4 34. Qxe4 Bxe4 35. Kf2 h5 36. Ne3 Kf6 37. Ke2 Ke6 38. Kd2
Bd5 39. Kc3 a5 40. a3 b5 41. b4 1/2-1/2

[Event "34th World Open"]
[Site "Philadelphia USA"]
[Date "2006.07.03"]
[Round "7"]
[White "Sarkar,J"]
[Black "Battsetseg,T"]
[Result "1-0"]
[WhiteElo "2355"]
[BlackElo "2254"]
[EventDate "2006.06.28"]

1. d4 Nf6 2. c4 d6 3. Nc3 c6 4. e4 e5 5. Nf3 Nbd7 6. Be2 Be7 7. O-O O-O 8.
Be3 Re8 9. d5 Nf8 10. dxc6 bxc6 11. c5 Bg4 12. cxd6 Qxd6 13. Qxd6 Bxd6 14.
Nd2 Bxe2 15. Nxe2 Ng4 16. Nc4 Nxe3 17. Nxe3 Ne6 18. Nc4 Bc7 19. Rfd1 Red8
20. Kf1 Kf8 21. f3 Ke7 22. Ke1 g6 23. Rxd8 Rxd8 24. Rc1 h5 25. Rc3 Bd6 26.
Na5 Kd7 27. a3 c5 28. Nc1 Rb8 29. Nc4 Nd4 30. Nd3 Ke6 31. Nxd6 Kxd6 32.
Rxc5 f6 33. Rd5+ Ke6 34. Nc5+ Ke7 35. Rd7+ Ke8 36. b4 a5 37. Rg7 Rb6 38.
bxa5 Rb5 39. a6 Nc6 40. Rc7 Rxc5 41. a7 1-0

[Event "34th World Open"]
[Site "Philadelphia USA"]
[Date "2006.07.03"]
[Round "7"]
[White "Moriuchi,T"]
[Black "Milovanovic,R"]
[Result "1-0"]
[WhiteElo "2282"]
[BlackElo "2410"]
[EventDate "2006.06.28"]

1. e4 c5 2. Nf3 Nc6 3. d4 cxd4 4. Nxd4 Nf6 5. Nc3 Qb6 6. Nb3 e6 7. Be3 Qc7
8. Be2 Bb4 9. f3 d5 10. O-O Bxc3 11. bxc3 O-O 12. Bg5 Qe5 13. f4 Qxe4 14.
Bxf6 Qe3+ 15. Kh1 gxf6 16. Rf3 Qb6 17. Bd3 f5 18. Rg3+ Kh8 19. Qh5 f6 20.
Qh6 Rf7 21. Be2 Qc7 22. Bh5 Rg7 23. Bg6 Qe7 24. Re1 e5 25. Qh5 Be6 26. Bxf5
Rxg3 27. hxg3 Rg8 28. g4 b6 29. Nd4 Nxd4 30. cxd4 e4 31. c4 Rd8 32. cxd5
Bxd5 33. g5 fxg5 34. fxg5 Rg8 35. g6 Rg7 36. Qh3 Qb4 37. Rc1 Bb7 38. Bxe4
Qd2 39. Rf1 Bxe4 40. Rf8+ 1-0

[Event "34th World Open"]
[Site "Philadelphia USA"]
[Date "2006.07.03"]
[Round "7"]
[White "Simutowe,A"]
[Black "Swathi,G"]
[Result "1/2-1/2"]
[WhiteElo "2414"]
[BlackElo "2262"]
[EventDate "2006.06.28"]

1. Nf3 c5 2. c4 Nc6 3. d4 cxd4 4. Nxd4 Nf6 5. Nc3 e6 6. Ndb5 d5 7. Bf4 e5
8. cxd5 exf4 9. dxc6 bxc6 10. Qxd8+ Kxd8 11. O-O-O+ Bd7 12. Nd6 Bxd6 13.
Rxd6 Kc7 14. Rd4 g5 15. g3 fxg3 16. hxg3 h5 17. e4 Bg4 18. Bg2 Rae8 19. Rc4
Nd7 20. f4 Be6 21. Rd4 gxf4 22. gxf4 Reg8 23. Rd2 f6 24. Rc2 Nc5 25. Bf1
Re8 26. Nb5+ Kb6 27. Nd6 Rd8 28. e5 fxe5 29. fxe5 Nd7 30. Nc4+ Bxc4 31.
Rxc4 Nxe5 32. Rb4+ Kc7 33. Rbh4 Rd5 34. Be2 Rhd8 35. Bxh5 Rc5+ 36. Kb1 Rd2
37. R4h2 Rcc2 38. Rxd2 Rxd2 39. Bd1 1/2-1/2

[Event "34th World Open"]
[Site "Philadelphia USA"]
[Date "2006.07.03"]
[Round "7"]
[White "Fedorowicz,J"]
[Black "Coupet,P"]
[Result "1-0"]
[WhiteElo "2497"]
[BlackElo "2283"]
[EventDate "2006.06.28"]

1. d4 Nf6 2. c4 g6 3. Nc3 Bg7 4. Nf3 O-O 5. g3 d6 6. Bg2 Nc6 7. O-O e5 8.
d5 Ne7 9. c5 Ne8 10. cxd6 Nxd6 11. Qb3 Bd7 12. Rd1 h6 13. e4 Kh7 14. Re1
Qc8 15. Be3 Bh3 16. Bc5 Bxg2 17. Kxg2 f5 18. Rac1 fxe4 19. Nxe4 Qd7 20. Ba3
b6 21. Bxd6 cxd6 22. Qd3 Rac8 23. h4 Qf5 24. Rxc8 Nxc8 25. h5 g5 26. Nh2
Kg8 27. f3 Qf7 28. g4 Qc7 29. Nf1 Ne7 30. Ne3 Rc8 31. Re2 Qd7 32. Rc2 Rxc2+
33. Qxc2 Kf7 34. a4 Bf8 35. b4 Bg7 36. b5 Bf8 37. Qd3 Ng8 38. Nxg5+ 1-0

[Event "34th World Open"]
[Site "Philadelphia USA"]
[Date "2006.07.03"]
[Round "7"]
[White "Murzin,L"]
[Black "Adu,O"]
[Result "0-1"]
[WhiteElo "2195"]
[BlackElo "2296"]
[EventDate "2006.06.28"]

1. d4 d6 2. Nf3 Nf6 3. c4 c6 4. Nc3 Bg4 5. e4 Nbd7 6. Be2 Qc7 7. O-O e5 8.
d5 Be7 9. Be3 c5 10. Nd2 Bxe2 11. Qxe2 O-O 12. a3 g6 13. b4 a6 14. Rab1 b6
15. Nb3 cxb4 16. axb4 Rfc8 17. Nd2 b5 18. Rfc1 bxc4 19. Na4 Qb7 20. f3 c3
21. Nxc3 Nb6 22. Nb3 Nc4 23. Na5 Nxa5 24. bxa5 Qc7 25. Rb6 Nd7 26. Rxa6 Qb7
27. Rxa8 Rxa8 28. Ra1 Qb4 29. Nd1 Rxa5 30. Rxa5 Qxa5 31. Kf2 f5 32. g3 Bd8
33. Qc2 fxe4 34. fxe4 Nf6 35. Kf3 Qb5 36. Nf2 Qd7 37. Bg5 0-1

[Event "34th World Open"]
[Site "Philadelphia USA"]
[Date "2006.07.03"]
[Round "7"]
[White "Torres,Jon"]
[Black "Collier,P"]
[Result "0-1"]
[WhiteElo "2050"]
[BlackElo "2116"]
[EventDate "2006.06.28"]

1. e4 c5 2. Nf3 d6 3. d4 cxd4 4. Nxd4 Nf6 5. Nc3 a6 6. Bc4 e6 7. O-O b5 8.
Bb3 Bb7 9. Re1 Nbd7 10. Bg5 Nc5 11. Qf3 Be7 12. Rad1 Qc7 13. Qg3 O-O 14.
Bh6 Ne8 15. Nd5 exd5 16. Nf5 Bf6 17. exd5 g6 18. Bxf8 Kxf8 19. Nd4 Ng7 20.
Qf4 Be5 21. Qh4 Kg8 22. Kh1 Qd7 23. Nc6 Nxb3 24. cxb3 Bxc6 25. dxc6 Qxc6
26. Rc1 Qd7 27. f4 Nf5 28. Qf2 Bf6 29. Qf3 Rd8 30. Qd5 Ne7 31. Qd2 d5 32.
Qa5 Qd6 33. Rc7 d4 34. Rb7 Nd5 35. Rd1 Ne3 36. Rb6 Qxf4 37. Qd2 Be5 0-1

[Event "34th World Open"]
[Site "Philadelphia USA"]
[Date "2006.07.03"]
[Round "7"]
[White "Gagunashvili,M"]
[Black "Bercys,S"]
[Result "1/2-1/2"]
[WhiteElo "2560"]
[BlackElo "2360"]
[EventDate "2006.06.28"]

1. d4 Nf6 2. c4 g6 3. Nf3 Bg7 4. g3 O-O 5. Bg2 d6 6. O-O Nc6 7. Nc3 Bf5 8.
d5 Na5 9. Nd2 c5 10. e4 Bd7 11. Rb1 a6 12. b3 Rb8 13. Bb2 b5 14. Ba1 e6 15.
Re1 exd5 16. exd5 Bf5 17. Nce4 Nxe4 18. Bxe4 Bxe4 19. Rxe4 Bxa1 20. Rxa1
bxc4 21. bxc4 Rb2 22. Re2 Re8 23. Ne4 Nxc4 24. Rxb2 Rxe4 25. Re2 Rd4 26.
Qb3 Ne5 27. f4 Nd3 28. Rb1 Qf6 29. a3 Kg7 30. Re3 Qf5 31. Rd1 Nxf4 32. Rxd4
Nh3+ 33. Kg2 Qf2+ 34. Kxh3 Qf1+ 35. Kh4 1/2-1/2

[Event "34th World Open"]
[Site "Philadelphia USA"]
[Date "2006.07.03"]
[Round "7"]
[White "Lein,A"]
[Black "Sevillano,E"]
[Result "0-1"]
[WhiteElo "2325"]
[BlackElo "2472"]
[EventDate "2006.06.28"]

1. Nf3 Nf6 2. c4 e6 3. g3 b6 4. Bg2 Bb7 5. O-O Be7 6. Nc3 O-O 7. d4 d5 8.
Ne5 c6 9. Bf4 Nfd7 10. Qb3 Nxe5 11. Bxe5 Nd7 12. Bf4 c5 13. cxd5 cxd4 14.
d6 Bxg2 15. dxe7 Qxe7 16. Kxg2 dxc3 17. Qxc3 Rac8 18. Qd2 Nf6 19. Rac1 e5
20. Be3 Rcd8 21. Qc2 Nd5 22. Qb3 Rd6 23. Rc2 h5 24. Rfc1 h4 25. Bd2 Qd7 26.
f3 h3+ 27. Kf2 e4 28. Bb4 e3+ 29. Ke1 Nxb4 30. Rc7 Qb5 31. Rxf7 Rxf7 32.
Rc8+ Kh7 0-1

[Event "34th World Open"]
[Site "Philadelphia USA"]
[Date "2006.07.03"]
[Round "7"]
[White "Sandipan,C"]
[Black "Ganguly,S"]
[Result "1/2-1/2"]
[WhiteElo "2546"]
[BlackElo "2578"]
[EventDate "2006.06.28"]

1. e4 c5 2. Nf3 e6 3. c3 d5 4. exd5 Qxd5 5. d4 Nf6 6. Be2 Be7 7. O-O Nc6 8.
Na3 O-O 9. Nb5 Qd8 10. dxc5 Bxc5 11. Bf4 Nd5 12. Bg3 Qf6 13. Nd2 Rd8 14.
Ne4 Qe7 15. Nxc5 Qxc5 16. Bd6 Qb6 17. c4 a6 18. c5 Qa5 19. Na3 b5 20. Bf3
Bb7 21. Bxd5 exd5 22. Qxd5 Qb4 23. Qb3 Qxb3 24. axb3 Nd4 25. b4 Be4 26.
Rfe1 Re8 27. f3 Bg6 28. Be5 Nc6 29. Bc3 f6 30. Rad1 1/2-1/2

[Event "34th World Open"]
[Site "Philadelphia USA"]
[Date "2006.07.03"]
[Round "7"]
[White "Paschall,W"]
[Black "Antic,De"]
[Result "0-1"]
[WhiteElo "2352"]
[BlackElo "2491"]
[EventDate "2006.06.28"]

1. Nf3 Nf6 2. c4 g6 3. Nc3 Bg7 4. g3 O-O 5. Bg2 d6 6. d4 c6 7. O-O Qa5 8.
h3 e5 9. e4 exd4 10. Nxd4 Nbd7 11. Re1 Re8 12. Nb3 Qc7 13. Bf4 Ne5 14. Qe2
Nh5 15. Be3 Be6 16. Nd2 f5 17. f4 Nxg3 18. Qf2 Nxe4 19. Bxe4 Nxc4 20. Nxc4
fxe4 21. Nd2 d5 22. Rac1 Qf7 23. Ne2 Bxb2 24. Rc2 Bg7 25. Bxa7 Bxh3 26. Bd4
e3 27. Bxe3 Qf5 28. Rcc1 Qg4+ 0-1

[Event "34th World Open"]
[Site "Philadelphia USA"]
[Date "2006.07.03"]
[Round "7"]
[White "Friedman,J"]
[Black "Bonin,J"]
[Result "1/2-1/2"]
[WhiteElo "2207"]
[BlackElo "2299"]
[EventDate "2006.06.28"]

1. e4 e6 2. d4 d5 3. Nd2 c5 4. exd5 exd5 5. Bb5+ Bd7 6. Qe2+ Be7 7. dxc5
Nf6 8. Ngf3 O-O 9. O-O Bxc5 10. Nb3 Bb6 11. Bg5 Re8 12. Qd3 Bxb5 13. Qxb5
Qd7 14. Qd3 Ne4 15. Rad1 Nc6 16. c3 Ne5 17. Nxe5 Rxe5 18. Bf4 Re7 19. Be3
Bxe3 20. Qxe3 Nf6 21. Qc1 Qa4 22. Qb1 Rc8 23. Nd4 g6 24. a3 Nh5 25. g3 Qd7
26. Rfe1 a6 1/2-1/2

[Event "34th World Open"]
[Site "Philadelphia USA"]
[Date "2006.07.03"]
[Round "7"]
[White "La Rota,F"]
[Black "Dejmek,M"]
[Result "1-0"]
[WhiteElo "2296"]
[BlackElo "2185"]
[EventDate "2006.06.28"]

1. e4 c5 2. Nc3 Nc6 3. g3 g6 4. Bg2 Bg7 5. d3 d6 6. f4 Nh6 7. Nf3 O-O 8.
O-O Rb8 9. a4 a6 10. Nd5 b5 11. axb5 axb5 12. Kh1 b4 13. Ne3 Bd7 14. Nc4 f5
15. e5 Nf7 16. exd6 exd6 17. Ng5 Nxg5 18. fxg5 Qc7 19. Bf4 Ne5 20. Ra6 Bb5
21. Rxd6 Bxc4 22. dxc4 Qa5 23. Bxe5 1-0

[Event "34th World Open"]
[Site "Philadelphia USA"]
[Date "2006.07.03"]
[Round "7"]
[White "Figler,I"]
[Black "Harika,D"]
[Result "1/2-1/2"]
[WhiteElo "2359"]
[BlackElo "2358"]
[EventDate "2006.06.28"]

1. d4 Nf6 2. c4 e6 3. Nf3 Bb4+ 4. Nbd2 b6 5. a3 Bxd2+ 6. Bxd2 h6 7. g3 Bb7
8. Bg2 O-O 9. O-O Be4 10. b4 d6 11. a4 a6 12. Bc3 Nbd7 13. Nd2 Bxg2 14.
Kxg2 c5 15. dxc5 dxc5 16. b5 axb5 17. axb5 1/2-1/2

[Event "34th World Open"]
[Site "Philadelphia USA"]
[Date "2006.07.03"]
[Round "7"]
[White "Milman,L"]
[Black "Critelli,J"]
[Result "1/2-1/2"]
[WhiteElo "2478"]
[BlackElo "2170"]
[EventDate "2006.06.28"]

1. e4 c5 2. Nf3 d6 3. d4 cxd4 4. Nxd4 Nf6 5. Nc3 a6 6. Be2 e5 7. Nb3 Be7 8.
Be3 Qc7 9. g4 h6 10. h4 b5 11. a3 Bb7 12. Bf3 g6 13. g5 hxg5 14. hxg5 Rxh1+
15. Bxh1 Nh5 16. Nd5 Bxd5 17. Qxd5 Qc6 18. a4 Qxd5 19. exd5 b4 20. Nd2 Nd7
21. O-O-O Ng7 22. Be4 Nf5 23. Bxf5 gxf5 24. f4 O-O-O 25. Rh1 exf4 26. Bxf4
Nb6 27. Rh7 Nxd5 28. Rxf7 Re8 29. Rxf5 Nxf4 30. Rxf4 Bxg5 31. Rc4+ Kd7 32.
Kd1 Bxd2 33. Kxd2 a5 1/2-1/2

[Event "34th World Open"]
[Site "Philadelphia USA"]
[Date "2006.07.03"]
[Round "7"]
[White "Sadvakasov,D"]
[Black "Schneider,Ig"]
[Result "1/2-1/2"]
[WhiteElo "2619"]
[BlackElo "2384"]
[EventDate "2006.06.28"]

1. e4 e6 2. d4 d5 3. Nc3 Nf6 4. e5 Nfd7 5. f4 c5 6. Nf3 a6 7. Be3 Qb6 8. a3
Nc6 9. dxc5 Bxc5 10. Na4 Qa5+ 11. b4 Qxa4 12. bxc5 O-O 13. c4 Qa5+ 14. Qd2
Rd8 15. cxd5 Qxd2+ 16. Kxd2 exd5 17. Kc3 Nf8 18. Nd4 Nxd4 19. Bxd4 Ne6 20.
g3 Bd7 21. Rb1 Rac8 22. Rxb7 Nxc5 23. Bxc5 Rxc5+ 24. Kb4 Rc1 25. Bg2 Rc4+
26. Ka5 Bc6 27. Rbb1 Bb5 28. Rhd1 d4 29. Rb4 Rxb4 30. Kxb4 Be2 31. Rd2 Rb8+
32. Kc5 d3 33. Kd4 Rb3 34. Ra2 Rxa3 35. Rxa3 d2 36. Ra1 d1=Q 37. Rxd1 Bxd1
38. Kc5 Kf8 39. Kb6 Ke7 40. Bf1 Bb3 41. Bxa6 f6 42. exf6+ Kxf6 43. Bd3 h6
44. h4 g5 1/2-1/2